000 00869nam a2200277 4500
001 10472
003 BD-RjUL
005 20211208234948.0
008 140123s1962 nyua b 000 0 eng d
035 _aCURL 980062013806(LCo) from tcc86
_a(BD-RjUL)10520
040 _aUkOxU
_beng
_cUkOxU
_dBD-RjUL
041 _aeng
082 0 4 _218
_a547.3533
_bBIM 1962
100 1 _aBiemann, K.
_q(Klaus)
_932355
245 1 0 _aMass spectrometry :
_borganic chemical applications /
_cKlaus Biemann
260 _aNew York :
_bMcGraw-Hill,
_cc1962.
300 _a370 p. :
_billus ;
_c24 cm
504 _aIncludes bibliography
650 0 _aChemistry, Analytic
_932356
650 0 _aChemistry, Organic
_932357
650 0 _aMass spectrometry
_931258
830 0 _aMcGraw-Hill series in advanced chemistry
_932360
942 _2ddc
_cBK
999 _c10472
_d10472